01483nam a22003377a 4500003000400000005001700004008004100021040002200062082001800084100003000102245003000132260006000162300002100222366000800243490003200251505004900283505012000332505010800452505001200560650006000572650005200632650005300684650004300737650004500780650005600825650004700881700003600928942002900964999001500993952013701008OSt20230616130746.0221006b |||||||| |||| 00| 0 eng d cBiblioteca Lado V a709.05bG851a 9855aGriffin, Timeeditor aArtforum/bInternacional/ aNew Yorkc2000bNew York editorial and business offices c26.5x27cma200p. espa aSeptiembrev2000x0864-1315 tCOLUMNSaBooks Fashion News Film Top Ten tPREVIEWaRegional Exhibitions US News US Shorts Travel Brief From the Vault World Report International Shorts tFEATURESgFall Gals: Cindy Sherman AThousand Words Yard Work Wassily Kandinsky City Light Openings tReviews 2Tesauro de Arte & ArquitecturaaARTE COMTEMPORANEO9703 2Tesauro de Arte & ArquitecturaaFOTOGRAFIA9702 2Tesauro de Arte & ArquitecturaaARTE VISUAL9702 2Tesauro de Arte & ArquitecturaaLIBROS 2Tesauro de Arte & ArquitecturaaNOTICIAS 2 Tesauro de Arte & ArquitecturaaARTE INTERNACIONAL 2 Tesauro de Arte & ArquitecturaaESCULTURA aNavarreta, Jose Antonioeeditor 2ddcc1h709.05iG851an0 c3868d3868 00102ddc3200040708RevistasaLVbLVd2023-06-16hSeptiembrei002509l0o709.05 G851ap002509r2023-06-16 00:00:00w2023-06-16y1